|
|
|
|
| LEADER |
00000nam0a2200000 4500 |
| 001 |
23211 |
| 005 |
20231101205532.0 |
| 010 |
|
|
|a 5836500444
|
| 035 |
|
|
|a (RuTPU)RU\TPU\book\23429
|
| 035 |
|
|
|a BOOK00023501
|
| 090 |
|
|
|a 23211
|
| 100 |
|
|
|a 20011209d2000 k y0rusy50 ca
|
| 101 |
0 |
|
|a rus
|
| 102 |
|
|
|a RU
|
| 105 |
|
|
|a a g 000zy
|
| 200 |
1 |
|
|a Фосфатное сырье
|e справочник
|f А. И. Ангелов, Б. В. Левин, Ю. Д. Черненко
|
| 210 |
|
|
|a Москва
|c Недра
|d 2000
|
| 215 |
|
|
|a 120 с.
|c ил.
|
| 320 |
|
|
|a Список лит.: с. 117-119.
|
| 606 |
1 |
|
|a Фосфор
|x Переработка
|2 stltpush
|3 (RuTPU)RU\TPU\subj\32223
|9 54838
|
| 606 |
1 |
|
|a Фосфаты
|x Месторождения
|2 stltpush
|3 (RuTPU)RU\TPU\subj\64155
|9 81076
|
| 610 |
1 |
|
|a минералы
|
| 610 |
1 |
|
|a фосфатное сырье
|
| 610 |
1 |
|
|a поиски
|
| 610 |
1 |
|
|a разведка
|
| 610 |
1 |
|
|a производство
|
| 610 |
1 |
|
|a качество
|
| 610 |
1 |
|
|a фосфатные руды
|
| 610 |
1 |
|
|a справочники
|
| 675 |
|
|
|a 661.63(03)
|v 3
|
| 675 |
|
|
|a 553.64(03)
|v 3
|
| 700 |
|
1 |
|a Ангелов
|b А. И.
|g Анатолий Иванович
|
| 701 |
|
1 |
|a Левин
|b Б. В.
|g Борис Владимирович
|
| 701 |
|
1 |
|a Черненко
|b Ю. Д.
|g Юрий Дмитриевич
|
| 801 |
|
0 |
|a RU
|b 63413507
|c 20011209
|g PSBO
|
| 801 |
|
2 |
|a RU
|b 63413507
|c 20141203
|g PSBO
|
| 942 |
|
|
|c BK
|